| 000 | 02226 a2200385 4500 | ||
|---|---|---|---|
| 001 | 43265 | ||
| 005 | 20260407155716.0 | ||
| 008 | 260407a2017 arg spa d | ||
| 003 | AR-UNSa-BCEJYS | ||
| 040 |
_aAR-UNSa-BCEJYS _bspa _cAR-UNSa-BCEJYS |
||
| 080 |
_a336.22 _xImpuestos |
||
| 245 | 1 | 0 |
_aReforma tributaria 2017 _pImpuesto a las ganancias, monotributo y creación de nuevos impuestos |
| 020 | _a978-987-03-3233-6 | ||
| 264 | 1 |
_aBuenos Aires : _bLa Ley _c2017 |
|
| 300 |
_axviii, 489 p. _c24 cm. |
||
| 505 | _a1. Introducción general / Luis Omar Fernández - 2. Los cambios en la determinación del impuesto a las ganancias de las personas humanas y las sucesiones indivisas para el año 2017 / Marcelo R. Corti - 3. Nuevas deducciones en el impuesto a las ganancias - 4. El privilegio de trabajar en el Poder Judicial y los límites del consenso de la política - 5. Imputación al año fiscal de ajustes de tributos - 6. Casos prácticos de liquidación del impuesto a las ganancias - 7. Las horas extras en el impuesto a las ganancias - 8. Modificaciones al régimen simplificado para pequeños contribuyentes establecidas por la ley 27.346 - 9. Los nuevos impuestos al juego y a las apuestas - 10. Impuesto extraordinario a las operaciones de dólar futuro ley 27.346 - 11. El responsable sustituto en el IVA por prestaciones realizadas en el país por sujetos del exterior - 12. Algunos aspectos constitucionales de la reforma de ganancias 2016 - 13. El nuevo tipo penal del juego clandestino - | ||
| 041 | _aspa | ||
| 942 | _cBK | ||
| 590 | _aniveau_biblio:m niveau_hierar:0 | ||
| 100 | 1 | _aBertazza, Humberto J. | |
| 700 | 1 | _aCorti, Marcelo Rubén | |
| 700 | 1 | _aDalmasio, Adalberto Raúl | |
| 700 | 1 | _aDíaz Ortiz, José A. | |
| 700 | 1 | _aDomínguez, Marcelo E. | |
| 700 | 1 | _aFernández, Luis Omar | |
| 700 | 1 | _aLitvin, César R. | |
| 700 | 1 | _aMarconi, Ana Clara | |
| 700 | 1 | _aMarconi, Norberto J. | |
| 700 | 1 | _aNicolini, Juan Carlos | |
| 700 | 1 | _aRajmilovich, Darío Marcelo | |
| 700 | 1 | _aSerra, Marcelo | |
| 700 | 1 | _aSpisso, Rodolfo Roque | |
| 700 | 1 | _aUserpater, Mirta Noemí | |
| 856 | 4 | 1 |
_uhttps://biblioeco.unsa.edu.ar/pmb/images/libros/L126588.jpg _yImagen de portada _qimage/jpeg |
| 999 |
_c3678 _d3678 |
||